Structural invariance of the Global Wellness Model: A national sample (Record no. 175060)
[ view plain ]
| 000 -LEADER | |
|---|---|
| fixed length control field | 01600nam a22001697a 4500 |
| 005 - DATE AND TIME OF LATEST TRANSACTION | |
| control field | 20241028125753.0 |
| 008 - FIXED-LENGTH DATA ELEMENTS--GENERAL INFORMATION | |
| fixed length control field | 241028b |||||||| |||| 00| 0 eng d |
| 040 ## - CATALOGING SOURCE | |
| Transcribing agency | LDD |
| 100 ## - MAIN ENTRY--PERSONAL NAME | |
| Personal name | Kalkbrenner, Michael T. |
| 245 ## - TITLE STATEMENT | |
| Title | Structural invariance of the Global Wellness Model: A national sample |
| 260 ## - PUBLICATION, DISTRIBUTION, ETC. | |
| Place of publication, distribution, etc. | USA:American Counseling Association,2024 |
| 490 ## - Journal | |
| Journal | Journal of Counseling & Development |
| Volume/sequential designation | 102(1),107-118 |
| 500 ## - GENERAL NOTE | |
| General note | Total wellness (combined physical and mental health) is an integral element in the professional identity of counselors. Counselors need wellness-based models with corresponding screening tools to measure their clients’ wellness. A number of sociodemographic disparities in mental and physical wellness exist among US adults. While a number of wellness models exist (e.g., Global Wellness Model), the literature is missing a model that has been tested for invariance (equivalent meaning) across extant wellness-based sociodemographic variables. Invariance testing is a crucial next step in this line of research, as it is not appropriate to apply a model in practice if the meaning of the model's latent trait differs between subgroups of the population. Results demonstrated that the Global Wellness Model was invariant by gender, ethnicity, help-seeking history, income, and education among a national sample (N = 772) of US adults. Results also revealed sociodemographic differences in Global Wellness by income and help-seeking history. |
| 650 ## - SUBJECT ADDED ENTRY--TOPICAL TERM | |
| Topical term or geographic name entry element | Counseling, Health, Lifestyle Practice |
| 856 ## - ELECTRONIC LOCATION AND ACCESS | |
| Link text | click here to online access |
| 942 ## - ADDED ENTRY ELEMENTS (KOHA) | |
| Source of classification or shelving scheme | Dewey Decimal Classification |
| Koha item type | Article |
| Suppress in OPAC | No |
| Date last seen | Total checkouts | Price effective from | Koha item type | Lost status | Source of classification or shelving scheme | Damaged status | Not for loan | Withdrawn status | Home library | Current library | Date acquired |
|---|---|---|---|---|---|---|---|---|---|---|---|
| 10/28/2024 | 10/28/2024 | Article | Dewey Decimal Classification | Library and Documentation Division NCERT | Library and Documentation Division NCERT | 10/28/2024 |





